| 000 | 00577nam a22002057a 4500 | ||
|---|---|---|---|
| 003 | OSt | ||
| 005 | 20160420153503.0 | ||
| 008 | 160414b xxu||||| |||| 00| 0 eng d | ||
| 020 | _a0333980891 | ||
| 040 | _cDDC. | ||
| 082 | _a338.9THI 2003 | ||
| 100 |
_aThirlwall,A.P; _97921 |
||
| 245 | _aGrowth and Development with special reference to developing Economics. | ||
| 250 | _a8th ed. | ||
| 260 |
_aNew York. _bPalgrave Macmillan. _c2003 |
||
| 300 |
_axxvii,816p; _bill; _c24cm. |
||
| 504 | _aincludes reference and index | ||
| 650 |
_aDevelopment. _9612 |
||
| 942 |
_2ddc _cSLOAN |
||
| 999 |
_c3547 _d3547 |
||